000 00354 a2200109 4500
001 ART_8568
005 20260410161844.0
008 260409a
245 1 0 _aCreación de tecnología en el sector manufacturero argentino
100 1 _aKatz, Jorge M.
773 0 _tEl trimestre económico
_g- Vol. XLV, Nº 177 (ene./mar. 1978)
_wREV6933
999 _c24381
_d24381